<?xml version="1.0" encoding="UTF-8"?><?xml-stylesheet type="text/xsl" href="static/style.xsl"?><OAI-PMH xmlns="http://www.openarchives.org/OAI/2.0/" xmlns:xsi="http://www.w3.org/2001/XMLSchema-instance" xsi:schemaLocation="http://www.openarchives.org/OAI/2.0/ http://www.openarchives.org/OAI/2.0/OAI-PMH.xsd"><responseDate>2026-04-27T20:06:35Z</responseDate><request verb="GetRecord" identifier="oai:uvadoc.uva.es:10324/70055" metadataPrefix="marc">https://uvadoc.uva.es/oai/request</request><GetRecord><record><header><identifier>oai:uvadoc.uva.es:10324/70055</identifier><datestamp>2025-01-16T08:00:38Z</datestamp><setSpec>com_10324_38</setSpec><setSpec>col_10324_852</setSpec></header><metadata><record xmlns="http://www.loc.gov/MARC21/slim" xmlns:doc="http://www.lyncode.com/xoai" xmlns:xsi="http://www.w3.org/2001/XMLSchema-instance" xmlns:dcterms="http://purl.org/dc/terms/" xsi:schemaLocation="http://www.loc.gov/MARC21/slim http://www.loc.gov/standards/marcxml/schema/MARC21slim.xsd">
<leader>00925njm 22002777a 4500</leader>
<datafield tag="042" ind1=" " ind2=" ">
<subfield code="a">dc</subfield>
</datafield>
<datafield tag="720" ind1=" " ind2=" ">
<subfield code="a">Sirgado Gutiérrez, Isabel</subfield>
<subfield code="e">author</subfield>
</datafield>
<datafield tag="260" ind1=" " ind2=" ">
<subfield code="c">2024</subfield>
</datafield>
<datafield tag="520" ind1=" " ind2=" ">
<subfield code="a">Este Trabajo Final de Grado tiene como objetivo principal investigar sobre la habilidad &#xd;
motriz de la trepa con el fin de realizar una propuesta didáctica para primer ciclo de &#xd;
Educación Primaria. Así pues, se analizan las diferentes acepciones y clasificaciones de &#xd;
las habilidades motrices para poder profundizar, en concreto, en la trepa. Dicha propuesta &#xd;
didáctica se basará en varias metodologías como el Análisis Global de Movimiento, la &#xd;
progresión abierta y el circuito multifuncional como forma de evaluación y &#xd;
autoevaluación</subfield>
</datafield>
<datafield tag="024" ind2=" " ind1="8">
<subfield code="a">https://uvadoc.uva.es/handle/10324/70055</subfield>
</datafield>
<datafield tag="245" ind1="0" ind2="0">
<subfield code="a">Primeros pasos de la trepa a través del  análisis global de movimiento. una propuesta didáctica para primer  ciclo de educación primaria</subfield>
</datafield>
</record></metadata></record></GetRecord></OAI-PMH>